1960 1711 1719 1126 1594 1880 1483 1757 1872 1300 1925 1294 1966 1565 1497 1657 1446 1406 1400 1842 1641 1545 1636 1767 1990 1808 1204 1675 1363 1239 1400 1316 1263 1011 1254 1658 1575 1018 1504 1717 1851 1407 1626 1226 1321 1850 1361 1568 1888 1288 1433 1036 1148 1218 1840 1145 1460 1747 1634 1074 1437 1677 1089 1423 1825 1118 1657 1266 1209 1458 1420 1740 1155 1966 1459 1745 1965 1696 1667 1029 1829 1750 1302 1291 1500 1561 1351 1800 1789 1296 1806 1145 1463 1823 1959 1622 1000 1272 1387 BCNSPRNW ULIB Ver.6.0+V

เปลี่ยนเป็นภาษาไทย

Change to English
 แสดงรายละเอียดบรรณานุกรม
  กลับหน้าหลัก

Brief Record : Get Marc (ISO 2709) : E-mail record : QR code < ปิดหน้าต่าง
LEADER : 00000nam 2200000uu 4500
001    13399115185
003     ULIB
008    111208s2553||||th 000 0 tha d
020    ^a9786167052212
090    ^aนว.^bร388ฮ ล.1
100    ^aรัศมีจันทร์
245    ^aไฮโซติดเกาะ ตอน สายลมแห่งฤดูหนาว เล่ม 3/^cรัศมีจันทร์
250    ^aพิมพ์ครั้งที่ 1
260    ^aกรุงเทพฯ :^bณ บ้านวรรณกรรม,^c2553
300    ^a320 หน้า
710 1  ^aณ บ้านวรรณกรรม
945    ^p240^l0^i026740
995    ^aทศพร
999 ^a ทศพร
รายการนี้ยังไม่มีแท็ก
คุณยังไม่ได้ล็อกอิน คุณสามารถมีกิจกรรมร่วมกับเว็บไซต์ได้ แต่ต้องล็อกอินก่อน ::
  ล็อกอิน

รายการสื่อสารสนเทศ

ลำดับที่ ประเภท เลขเรียก/บาร์โค้ด สถานที่ สถานะ
1. นวนิยาย
นวนิยาย
นว. ร388ฮ ล.1 ฉ.1 
  Barcode: 026740
ห้องสมุดวิทยาเขตสวรรค์ประชารักษ์
►นวนิยาย
บนชั้น
  ขอยืม

รายการใกล้เคียง
    ผู้แต่ง [รัศมีจันทร์]

BibComment


ยังไม่เคยถูกคอมเมนท์

คอมเมนท์ทรัพยากรรายการนี้
  คอมเมนท์: ไฮโซติดเกาะ ตอน ..


 Copyright 2026. Bcnsprnw @Library